| 000 | 00872nam a22002297a 4500 | ||
|---|---|---|---|
| 005 | 20240530110513.0 | ||
| 008 | 151221s2013 ua g b 000 0 ara d | ||
| 017 |
_a2012/15658 _bمصر . دار الكتب المصرية |
||
| 020 | _a9789776413047 | ||
| 040 | _aEG-CaGPL | ||
| 082 | 0 | 4 |
_221 _a121\ _bع ب |
| 100 | 0 | _aعبدالوهاب جعفر | |
| 245 | 1 | 2 |
_aالبنيوية بين العلم و الفلسفة عند ميشيل فوكوه / _cعبدالوهاب جعفر |
| 260 |
_aالاسكندرية : _bدار الوفاء لدنيا الطباعة و النشر ، _c2013 . |
||
| 300 |
_a335 ص ؛ _c24 سم . |
||
| 504 | _aيشتمل على ارجاعات ببليوجرافية | ||
| 650 | 0 | 4 |
_aالبنيوية _xفلسفة |
| 650 | 0 | 4 | _aالمعرفة |
| 650 | 0 | 4 | _aالفلسفة |
| 942 |
_2ddc _cBK |
||
| 999 |
_c61730 _d61730 |
||